[Event "Titled Tuesday intern op 03rd Jan Late"]
[Site "Chess.com INT"]
[Date "2025.06.03"]
[Round "4"]
[White "Dobre, Claudiu Cristian"]
[Black "Atkeson, Christopher Timothy"]
[Result "1-0"]
[WhiteElo "2265"]
[BlackElo "2031"]
[PlyCount "175"]
[EventDate "2025.06.03"]
[EventType "swiss (blitz)"]
[EventRounds "11"]
[EventCountry "USA"]
[SourceTitle "CB24_2025"]
[SourceDate "2025.06.11"]
[SourceVersion "1"]
[SourceVersionDate "2025.06.11"]
[SourceQuality "1"]

1. d4 Nf6 2. Nf3 d6 3. c4 Nbd7 4. Nc3 c5 5. e4 e5 6. dxe5 dxe5 7. Bg5 Be7 8. Bd3 0-0 9. Bc2 Re8 10. 0-0 Qc7 11. Ba4 a6 12. Bxf6 Bxf6 13. Nd5 Qd8 14. Bxd7 Qxd7 15. Nxf6+ gxf6 16. Qc1 Qg4 17. Qh6 Qg6 18. Qh4 Be6 19. b3 Red8 20. Rad1 b5 21. Nxe5 Qg5 22. Qxg5+ fxg5 23. f3 f6 24. Ng4 Kf7 25. Ne3 bxc4 26. bxc4 Rab8 27. Nd5 Rb2 28. Rf2 Rdb8 29. Rfd2 a5 30. Kf2 a4 31. Ke3 a3 32. Kd3 f5 33. Kc3 fxe4 34. fxe4 Bg4 35. Re1 Rxd2 36. Kxd2 Rb2+ 37. Kc3 Rxa2 38. e5 Rxg2 39. Ne3 Re2 40. Rf1+ Ke6 41. Nxg4 a2 42. Rf6+ Ke7 43. Ra6 Re4 44. Nf6 Rxe5 45. Nd5+ Kd8 46. Rxa2 h5 47. Ra5 Re2 48. h4 g4 49. Rxc5 g3 50. Nf4 Rf2 51. Nxh5 g2 52. Rg5 Ke7 53. Kd3 Ke6 54. Ke3 Rc2 55. Nf4+ Kf6 56. Rxg2 Rxc4 57. Kf3 Rc3+ 58. Kg4 Rc4 59. Ra2 Rc1 60. Ra6+ Kg7 61. h5 Rg1+ 62. Kf5 Kh7 63. Rg6 Rh1 64. Kf6 Rh2 65. Rg5 Rf2 66. Rf5 Kh6 67. Ke5 Rh2 68. Ke4 Rh1 69. Kf3 Rf1+ 70. Kg2 Ra1 71. Kg3 Ra3+ 72. Kg4 Ra1 73. Rf6+ Kh7 74. Ne6 Rg1+ 75. Kh4 Rh1+ 76. Kg4 Rg1+ 77. Kf5 Rf1+ 78. Nf4 Rh1 79. Kg5 Rg1+ 80. Kf5 Rh1 81. Rb6 Rf1 82. Kg4 Rg1+ 83. Kh4 Rf1 84. Nh3 Rf5 85. h6 Ra5 86. Ng5+ Kh8 87. Kh5 Kg8 88. Kg6 1-0

[Event "Bucharest ROM GP"]
[Site "Bucharest"]
[Date "2025.05.11"]
[Round "5"]
[White "Dobre, Claudiu Cristian"]
[Black "Costachi, Mihnea"]
[Result "0-1"]
[WhiteElo "2265"]
[BlackElo "2464"]
[PlyCount "92"]
[EventDate "2025.05.10"]
[EventType "swiss"]
[EventRounds "10"]
[EventCountry "ROU"]
[SourceTitle "CB20_2025"]
[SourceDate "2025.05.14"]
[SourceVersion "1"]
[SourceVersionDate "2025.05.14"]
[SourceQuality "1"]

1. c4 Nf6 2. Nc3 g6 3. Nf3 Bg7 4. d4 d6 5. e4 0-0 6. Be2 Na6 7. 0-0 e5 8. dxe5 dxe5 9. Be3 c6 10. Qxd8 Rxd8 11. Rad1 Re8 12. a3 Ng4 13. Bg5 f6 14. Bc1 Bh6 15. Bxh6 Nxh6 16. b4 Bg4 17. c5 Nc7 18. Nd2 Bxe2 19. Nxe2 Red8 20. Nc4 Ne6 21. Na5 Rab8 22. Rxd8+ Nxd8 23. Rd1 Nhf7 24. h4 b6 25. Nb3 a5 26. cxb6 axb4 27. a4 Rxb6 28. Nc5 Nb7 29. Nd7 Ra6 30. Nxf6+ Kg7 31. Ne8+ Kf8 32. Nc7 Rxa4 33. Rc1 Nbd8 34. Rb1 Ra7 35. Rxb4 Rxc7 36. f4 c5 37. Rb1 Ne6 38. f5 Nd4 39. Nc3 gxf5 40. exf5 Nxf5 41. Rb8+ Kg7 42. h5 c4 43. Kf2 Rd7 44. Ne4 Rd4 45. Nc5 Ng5 46. Re8 Ne4+ 0-1

[Event "ROM-ch"]
[Site "Craiova"]
[Date "2025.02.21"]
[Round "7"]
[White "Dobre, Claudiu Cristian"]
[Black "Panc, Samuel"]
[Result "1-0"]
[WhiteElo "2279"]
[BlackElo "2036"]
[PlyCount "78"]
[EventDate "2025.02.15"]
[EventType "swiss"]
[EventRounds "9"]
[EventCountry "ROU"]
[SourceTitle "CB09_2025"]
[SourceDate "2025.02.27"]
[SourceVersion "1"]
[SourceVersionDate "2025.02.27"]
[SourceQuality "1"]

1. c4 f5 2. Nf3 Nf6 3. Nc3 d6 4. d4 g6 5. g3 Bg7 6. Bg2 0-0 7. 0-0 c6 8. Qb3 Na6 9. Rd1 Qe8 10. c5+ Kh8 11. cxd6 exd6 12. d5 Nc5 13. Qa3 Nce4 14. dxc6 bxc6 15. Nd4 Bb7 16. Nxe4 Nxe4 17. f3 Nc5 18. Bf4 Rd8 19. Rac1 Qe7 20. b4 Ne6 21. Nxe6 Qxe6 22. Qxa7 Rd7 23. Rd2 Re8 24. Qb6 h6 25. h4 Qe7 26. Kf2 d5 27. b5 g5 28. hxg5 hxg5 29. Rh1+ Kg8 30. bxc6 Bxc6 31. Qxc6 gxf4 32. Rc2 Rd6 33. Qc5 fxg3+ 34. Kg1 d4 35. Qc4+ Kf8 36. Qd3 Qf7 37. Rc5 Rd5 38. Rxd5 Qxd5 39. Rh5 Qe5 1-0

[Event "ROM-ch"]
[Site "Craiova"]
[Date "2025.02.17"]
[Round "3"]
[White "Dobre, Claudiu Cristian"]
[Black "Barbu, Simon Alexandru"]
[Result "1-0"]
[WhiteElo "2279"]
[BlackElo "2023"]
[PlyCount "113"]
[EventDate "2025.02.15"]
[EventType "swiss"]
[EventRounds "9"]
[EventCountry "ROU"]
[SourceTitle "CB09_2025"]
[SourceDate "2025.02.27"]
[SourceVersion "1"]
[SourceVersionDate "2025.02.27"]
[SourceQuality "1"]

1. c4 Nf6 2. Nc3 c5 3. Nf3 Nc6 4. d4 cxd4 5. Nxd4 g6 6. e4 d6 7. h3 Bg7 8. Be3 0-0 9. Be2 Bd7 10. 0-0 Nxd4 11. Bxd4 Bc6 12. Qc2 a5 13. Rad1 Nd7 14. Bxg7 Kxg7 15. Bg4 Ne5 16. c5 Nxg4 17. hxg4 Qc8 18. cxd6 Qxg4 19. dxe7 Rfe8 20. Nd5 Bxd5 21. Qc3+ Kg8 22. exd5 Rxe7 23. d6 Rd7 24. Rfe1 Qg5 25. Re5 Qd8 26. Qd4 Qf8 27. Rb5 Ra6 28. Rb6 Rxb6 29. Qxb6 Qd8 30. Qd4 Qf8 31. Qf6 Qd8 32. Qd4 Qf8 33. a4 h5 34. Qe5 Kh7 35. b3 Qd8 36. Qd4 Qh8 37. Qd5 Qd8 38. Rd3 Qf6 39. g3 Kg7 40. Kg2 Kh7 41. Rf3 Qe6 42. Qxe6 fxe6 43. Rd3 Kg7 44. Kf3 Kf6 45. Ke4 e5 46. Kd5 e4 47. Rd4 Kf5 48. f3 exf3 49. Rf4+ Kg5 50. Ke6 Rh7 51. d7 Rh8 52. Ke7 Rh7+ 53. Kd6 Rh8 54. Kc7 h4 55. Rxh4 f2 56. Rf4 Rh7 57. Kc8 1-0

[Event "Titled Tuesday intern op 13th Aug Early"]
[Site "Chess.com INT"]
[Date "2024.08.13"]
[Round "2"]
[White "Hernandez Jimenez, Alexander Andres"]
[Black "Dobre, Claudiu Cristian"]
[Result "0-1"]
[WhiteElo "2026"]
[BlackElo "2259"]
[PlyCount "58"]
[EventDate "2024.08.13"]
[EventType "swiss (blitz)"]
[EventRounds "11"]
[EventCountry "USA"]
[SourceTitle "EXT 2025"]
[Source "ChessBase"]
[SourceDate "2024.10.14"]
[SourceVersion "1"]
[SourceVersionDate "2024.10.14"]
[SourceQuality "1"]

1. e4 Nc6 2. Nf3 d6 3. d4 Nf6 4. Nc3 Bg4 5. Be2 e5 6. Be3 Bxf3 7. Bxf3 exd4 8. Bxd4 Nxd4 9. Qxd4 c6 10. 0-0-0 Qb6 11. Rhe1 Qxd4 12. Rxd4 Nd7 13. Bg4 Ne5 14. Bh3 g5 15. f3 h5 16. Bf5 h4 17. Rf1 Ke7 18. Kd1 Bg7 19. Ne2 b5 20. f4 Nc4 21. Rxc4 bxc4 22. fxg5 Bxb2 23. c3 Rab8 24. g6 Ba3 25. e5 dxe5 26. gxf7 Rhd8+ 27. Ke1 Bc5 28. Be4 Rb2 29. Rf5 Ke6 0-1

[Event "Titled Tuesday intern op 30th Jul Late"]
[Site "Chess.com INT"]
[Date "2024.07.30"]
[Round "1"]
[White "Dobre, Claudiu Cristian"]
[Black "Kukhmazov, Arsen"]
[Result "1-0"]
[WhiteElo "2259"]
[BlackElo "2489"]
[PlyCount "135"]
[EventDate "2024.07.30"]
[EventType "swiss (blitz)"]
[EventRounds "11"]
[EventCountry "USA"]
[SourceTitle "EXT 2025"]
[Source "ChessBase"]
[SourceDate "2024.10.14"]
[SourceVersion "1"]
[SourceVersionDate "2024.10.14"]
[SourceQuality "1"]

1. d4 d5 2. Nf3 Nf6 3. e3 c5 4. Nbd2 Nc6 5. dxc5 e6 6. Nb3 Ne4 7. c4 Nxc5 8. cxd5 exd5 9. Nxc5 Bxc5 10. Bd2 0-0 11. Bc3 Be6 12. Be2 Qe7 13. 0-0 Rad8 14. Nd4 Bb6 15. Rc1 Bc8 16. Qd2 Ne5 17. Rfd1 Rfe8 18. Bb5 Bd7 19. Bxd7 Qxd7 20. b3 h5 21. h3 a6 22. Qe2 g6 23. Nf3 Nc6 24. Ba1 Re6 25. Qb2 f6 26. Qc2 Qf7 27. Nd4 Red6 28. Nxc6 bxc6 29. Bd4 Bc7 30. Qc3 Re6 31. Rc2 g5 32. Rdc1 g4 33. hxg4 hxg4 34. g3 Qh5 35. Qd3 Kf7 36. Qf1 Rh8 37. Qg2 Qf5 38. Kf1 Qd3+ 39. Ke1 Ba5+ 40. Bc3 Bb6 41. Re2 c5 42. Rd2 Qe4 43. Qxe4 dxe4 44. Rd7+ Kg6 45. Rcd1 Rh2 46. Ke2 Kf5 47. R7d6 Bc7 48. R1d5+ Re5 49. Bxe5 fxe5 50. Rc6 Ba5 51. Rcxc5 Bb4 52. Rc4 Kf6 53. Rxb4 Ke6 54. Rc5 Kd6 55. Rcc4 Rh1 56. Rb6+ Kd5 57. Rxa6 Ra1 58. Ra5+ Ke6 59. Rc2 Rb1 60. Rb5 Kf5 61. a4 Ra1 62. a5 Ra3 63. b4 Ra4 64. Rb2 Ra1 65. Rb6 Ra4 66. a6 Ra3 67. b5 Kg5 68. Rb7 1-0

[Event "Titled Tuesday intern op 30th Jul Late"]
[Site "Chess.com INT"]
[Date "2024.07.30"]
[Round "3"]
[White "Dobre, Claudiu Cristian"]
[Black "Lizak, Peter"]
[Result "1-0"]
[WhiteElo "2259"]
[BlackElo "2398"]
[PlyCount "53"]
[EventDate "2024.07.30"]
[EventType "swiss (blitz)"]
[EventRounds "11"]
[EventCountry "USA"]
[SourceTitle "EXT 2025"]
[Source "ChessBase"]
[SourceDate "2024.10.14"]
[SourceVersion "1"]
[SourceVersionDate "2024.10.14"]
[SourceQuality "1"]

1. d4 Nf6 2. Nf3 c5 3. e3 d5 4. dxc5 e6 5. a3 Bxc5 6. b4 Bd6 7. Bb2 Nbd7 8. c4 0-0 9. Nbd2 b6 10. cxd5 exd5 11. Be2 a5 12. Bc3 Qe7 13. Nd4 Ne4 14. Nf5 Qe6 15. Nxe4 Be5 16. Nd4 Qg6 17. Ng3 h5 18. Bxh5 Qh7 19. Bg4 Nf6 20. Bf5 g6 21. Bxc8 Raxc8 22. Rc1 Rfe8 23. 0-0 Qh4 24. Nf3 Qh6 25. Nxe5 Rxe5 26. Bxe5 Ng4 27. Qxg4 1-0

[Event "Chess.com Speed Play In"]
[Site "Chess.com INT"]
[Date "2024.06.27"]
[Round "11"]
[White "Dobre, Claudiu Cristian"]
[Black "Anupam, M Sreekumar"]
[Result "1-0"]
[WhiteElo "2259"]
[BlackElo "1872"]
[PlyCount "51"]
[EventDate "2024.06.27"]
[EventType "swiss (blitz)"]
[EventRounds "11"]
[EventCountry "USA"]
[SourceTitle "CBM 220 Extra"]
[Source "ChessBase"]
[SourceDate "2024.07.31"]
[SourceVersion "1"]
[SourceVersionDate "2024.07.31"]
[SourceQuality "1"]

1. d4 Nf6 2. Nf3 g6 3. c4 Bg7 4. Nc3 d6 5. e4 0-0 6. Be2 e5 7. 0-0 Nc6 8. d5 Ne7 9. Ne1 c6 10. Be3 Ne8 11. f3 f5 12. g4 fxg4 13. fxg4 Bd7 14. Rxf8+ Bxf8 15. g5 Ng7 16. Rc1 Bh3 17. Bg4 Bxg4 18. Qxg4 Qc8 19. Qxc8 Rxc8 20. Bxa7 Nh5 21. Be3 Bg7 22. Nd3 Rf8 23. Rf1 Ra8 24. Kf2 Nc8 25. Ke2 Nb6 26. Bxb6 1-0

[Event "Chess.com Speed Play In"]
[Site "Chess.com INT"]
[Date "2024.06.27"]
[Round "7"]
[White "Dobre, Claudiu Cristian"]
[Black "Melillo, Lucius"]
[Result "1-0"]
[WhiteElo "2259"]
[BlackElo "2306"]
[PlyCount "107"]
[EventDate "2024.06.27"]
[EventType "swiss (blitz)"]
[EventRounds "11"]
[EventCountry "USA"]
[SourceTitle "CBM 220 Extra"]
[Source "ChessBase"]
[SourceDate "2024.07.31"]
[SourceVersion "1"]
[SourceVersionDate "2024.07.31"]
[SourceQuality "1"]

1. d4 d5 2. Nf3 Nf6 3. e3 Bf5 4. c4 c6 5. Nc3 e6 6. Nh4 Bg6 7. Qb3 Qc7 8. Nxg6 hxg6 9. Bd2 Nbd7 10. cxd5 exd5 11. 0-0-0 0-0-0 12. h3 Kb8 13. Kb1 Bd6 14. Rc1 Qb6 15. Qxb6 axb6 16. Bd3 Rde8 17. f3 Nh5 18. Ne2 Ng3 19. Nxg3 Bxg3 20. Rhf1 Re7 21. a4 Bd6 22. e4 dxe4 23. fxe4 f6 24. Rf3 g5 25. Kc2 Rc8 26. Bc3 Ree8 27. Re1 c5 28. d5 Be5 29. Bb5 Rcd8 30. Bxd7 Rxd7 31. Kd3 Ree7 32. Kc4 Rd8 33. Kb5 Kc7 34. a5 Bxc3 35. axb6+ Kd6 36. Rxc3 Ra8 37. Rxc5 Rae8 38. Rc4 Re5 39. b3 Rxd5+ 40. exd5 Rxe1 41. Rc7 Kxd5 42. Rxg7 Rb1 43. b4 Ke5 44. Rxb7 f5 45. Rc7 Kf4 46. b7 Rxb4+ 47. Kxb4 Kg3 48. b8Q f4 49. Rc6 Kxg2 50. Qg8 f3 51. Qxg5+ Kf2 52. Qf4 Ke2 53. Qxf3+ Kxf3 54. Rc4 1-0

[Event "Chess.com Speed Play In"]
[Site "Chess.com INT"]
[Date "2024.06.27"]
[Round "1"]
[White "Matlakov, Maxim"]
[Black "Dobre, Claudiu Cristian"]
[Result "1-0"]
[WhiteElo "2657"]
[BlackElo "2259"]
[PlyCount "55"]
[EventDate "2024.06.27"]
[EventType "swiss (blitz)"]
[EventRounds "11"]
[EventCountry "USA"]
[SourceTitle "CBM 220 Extra"]
[Source "ChessBase"]
[SourceDate "2024.07.31"]
[SourceVersion "1"]
[SourceVersionDate "2024.07.31"]
[SourceQuality "1"]

1. c4 Nf6 2. Nf3 c6 3. d4 d5 4. cxd5 cxd5 5. Nc3 Nc6 6. Bf4 Bf5 7. e3 e6 8. Qb3 Bb4 9. Ne5 Qa5 10. Nxc6 bxc6 11. a3 Bxc3+ 12. bxc3 Ne4 13. Qb4 Qxb4 14. axb4 g5 15. Bg3 Nxc3 16. Ba6 0-0 17. Bb7 Rad8 18. Bxc6 Bd3 19. Ra3 Bb5 20. Rxc3 Rc8 21. Bd6 Rfd8 22. Be7 Rf8 23. Bxf8 Kxf8 24. Kd2 Rxc6 25. Rxc6 Bxc6 26. Ra1 g4 27. Rxa7 Bb5 28. Rb7 1-0

[Event "Chess.com Speed Play In"]
[Site "Chess.com INT"]
[Date "2024.06.27"]
[Round "6"]
[White "Osmonbekov, Talaibek D"]
[Black "Dobre, Claudiu Cristian"]
[Result "0-1"]
[WhiteElo "2108"]
[BlackElo "2259"]
[PlyCount "60"]
[EventDate "2024.06.27"]
[EventType "swiss (blitz)"]
[EventRounds "11"]
[EventCountry "USA"]
[SourceTitle "CBM 220 Extra"]
[Source "ChessBase"]
[SourceDate "2024.07.31"]
[SourceVersion "1"]
[SourceVersionDate "2024.07.31"]
[SourceQuality "1"]

1. d4 d5 2. Bf4 c6 3. Nc3 Nf6 4. e3 Bf5 5. Nf3 h6 6. Ne5 Nbd7 7. g4 Bh7 8. g5 hxg5 9. Bxg5 Nxe5 10. dxe5 Ne4 11. e6 Nxg5 12. exf7+ Nxf7 13. Qd2 Qd7 14. 0-0-0 0-0-0 15. Qd4 Kb8 16. Qf4+ e5 17. Qg3 Qc7 18. Bh3 e4 19. Qg2 Ne5 20. Ne2 Nc4 21. Nd4 Qa5 22. Kb1 Nxb2 23. Kxb2 Ba3+ 24. Kb1 Qb4+ 25. Nb3 Qc3 26. Qg3+ Ka8 27. Qxg7 Qxg7 28. c3 Qxc3 29. Rd2 Bg6 30. Bg2 a5 0-1

[Event "Titled Tuesday intern op 11th Jun Early"]
[Site "Chess.com INT"]
[Date "2024.06.11"]
[Round "3"]
[White "Dobre, Claudiu Cristian"]
[Black "Kostiukov, Alexandr"]
[Result "1-0"]
[WhiteElo "2259"]
[BlackElo "2271"]
[PlyCount "77"]
[EventDate "2024.06.11"]
[EventType "swiss (blitz)"]
[EventRounds "11"]
[EventCountry "USA"]
[SourceTitle "EXT 2025"]
[Source "ChessBase"]
[SourceDate "2024.10.14"]
[SourceVersion "1"]
[SourceVersionDate "2024.10.14"]
[SourceQuality "1"]

1. d4 g6 2. Nf3 Bg7 3. c4 d6 4. Nc3 e5 5. dxe5 dxe5 6. Qxd8+ Kxd8 7. Ng5 Nh6 8. Nge4 f6 9. Nxf6 Bxf6 10. Bxh6 Be6 11. e3 Nd7 12. Ne4 Be7 13. Bg5 Bxg5 14. Nxg5 Ke7 15. Nxe6 Kxe6 16. Bd3 Nc5 17. Ke2 a5 18. Bc2 Rhd8 19. f3 Rd6 20. Rad1 Rb6 21. Rb1 a4 22. h4 Rb4 23. Rhc1 Rxc4 24. Bf5+ gxf5 25. Rxc4 b6 26. g4 Rg8 27. Rg1 Kd5 28. Rcc1 e4 29. gxf5 Rf8 30. Rg5 Rf6 31. Rd1+ Kc6 32. Rh5 h6 33. Rg1 exf3+ 34. Kxf3 Nd3 35. b3 a3 36. Ke4 Nc5+ 37. Ke5 Nd7+ 38. Kf4 Rd6 39. Rg6 1-0

[Event "Titled Tuesday intern op 04th Jun Early"]
[Site "Chess.com INT"]
[Date "2024.06.04"]
[Round "1"]
[White "Dobre, Claudiu Cristian"]
[Black "Bortnyk, Olexandr"]
[Result "0-1"]
[WhiteElo "2259"]
[BlackElo "2608"]
[PlyCount "76"]
[EventDate "2024.06.04"]
[EventType "swiss (blitz)"]
[EventRounds "11"]
[EventCountry "USA"]
[SourceTitle "EXT 2025"]
[Source "ChessBase"]
[SourceDate "2024.10.14"]
[SourceVersion "1"]
[SourceVersionDate "2024.10.14"]
[SourceQuality "1"]

1. c4 Nf6 2. Nc3 b6 3. e4 e5 4. g3 Bb7 5. Bg2 Bc5 6. Nge2 Nc6 7. d3 a5 8. 0-0 Nd4 9. Kh1 d6 10. f4 h6 11. fxe5 dxe5 12. Nd5 Nxd5 13. cxd5 0-0 14. Be3 f5 15. Bxd4 Bxd4 16. Nxd4 exd4 17. Rc1 Rc8 18. Qb3 Kh8 19. e5 Qg5 20. Rf4 Rfd8 21. Rcf1 g6 22. Qc2 c5 23. dxc6 Qe7 24. Qf2 Bxc6 25. Bxc6 Rxc6 26. Rxd4 Rdc8 27. Rd5 Rc5 28. Qf3 Kg7 29. d4 Rc2 30. Rd6 Rxb2 31. Qd5 Rcc2 32. Rd7 Rxh2+ 33. Kg1 Rbg2+ 34. Qxg2 Rxg2+ 35. Kxg2 Qxd7 36. Rd1 Qd5+ 37. Kg1 Qxa2 38. d5 Qb3 0-1

[Event "Titled Tuesday intern op 04th Jun Early"]
[Site "Chess.com INT"]
[Date "2024.06.04"]
[Round "11"]
[White "Dobre, Claudiu Cristian"]
[Black "Fiorito, Francisco"]
[Result "0-1"]
[WhiteElo "2259"]
[BlackElo "2407"]
[PlyCount "126"]
[EventDate "2024.06.04"]
[EventType "swiss (blitz)"]
[EventRounds "11"]
[EventCountry "USA"]
[SourceTitle "EXT 2025"]
[Source "ChessBase"]
[SourceDate "2024.10.14"]
[SourceVersion "1"]
[SourceVersionDate "2024.10.14"]
[SourceQuality "1"]

1. d4 Nf6 2. Nf3 b6 3. g3 Bb7 4. Bg2 g6 5. c4 Bg7 6. Nc3 Ne4 7. Bd2 0-0 8. 0-0 Nxc3 9. Bxc3 c5 10. Qd2 d6 11. d5 Bxc3 12. Qxc3 Nd7 13. e4 b5 14. cxb5 Qb6 15. a4 a6 16. Qb3 Rfc8 17. Bh3 Rc7 18. Nd2 Ne5 19. Rfc1 axb5 20. Qxb5 Qa7 21. a5 Ba6 22. Qb6 Rb8 23. Qxa7 Rxa7 24. b3 Rb4 25. Bf1 Bxf1 26. Kxf1 Rb5 27. a6 Rb6 28. Nc4 Nxc4 29. bxc4 Raxa6 30. Rxa6 Rxa6 31. Rc2 Kg7 32. f4 h6 33. h4 Ra3 34. Kf2 Kf6 35. Rc1 g5 36. hxg5+ hxg5 37. Rc2 g4 38. Re2 Rc3 39. e5+ Kg7 40. exd6 exd6 41. Re4 Rc2+ 42. Kf1 Kf6 43. Kg1 Kf5 44. Re7 Rxc4 45. Rxf7+ Ke4 46. Rg7 Kf3 47. f5 Kxg3 48. Kf1 Rf4+ 49. Ke2 Rxf5 50. Ke3 Rxd5 51. Ke4 Re5+ 52. Kd3 Kf3 53. Rf7+ Kg2 54. Rf6 d5 55. Rc6 d4 56. Rg6 g3 57. Kc4 Kf2 58. Rf6+ Kg1 59. Rg6 g2 60. Rg8 Re3 61. Rg7 Kf2 62. Kxc5 g1Q 63. Rf7+ Rf3 0-1

[Event "Titled Tuesday intern op 04th Jun Early"]
[Site "Chess.com INT"]
[Date "2024.06.04"]
[Round "7"]
[White "Dobre, Claudiu Cristian"]
[Black "Martin, Lewis"]
[Result "1-0"]
[WhiteElo "2259"]
[BlackElo "2081"]
[PlyCount "63"]
[EventDate "2024.06.04"]
[EventType "swiss (blitz)"]
[EventRounds "11"]
[EventCountry "USA"]
[SourceTitle "EXT 2025"]
[Source "ChessBase"]
[SourceDate "2024.10.14"]
[SourceVersion "1"]
[SourceVersionDate "2024.10.14"]
[SourceQuality "1"]

1. d4 d5 2. Nf3 Nf6 3. e3 Bf5 4. c4 c6 5. Nc3 e6 6. Nh4 Bg6 7. Qb3 Qb6 8. Nxg6 hxg6 9. Bd2 Nbd7 10. 0-0-0 Qc7 11. cxd5 exd5 12. Kb1 Bd6 13. Be2 0-0 14. h4 a5 15. Rc1 Bb4 16. g4 Qd6 17. h5 g5 18. f3 a4 19. Qc2 b5 20. Qf5 Nh7 21. Bd3 Ndf6 22. e4 Bxc3 23. e5 Qe6 24. Rxc3 Qxf5 25. Bxf5 Ne8 26. Rxc6 Ra7 27. Bb4 g6 28. hxg6 fxg6 29. Rxg6+ Rg7 30. Bxf8 Rxg6 31. Bxg6 Nxf8 32. Bxe8 1-0

[Event "Titled Tuesday intern op 04th Jun Early"]
[Site "Chess.com INT"]
[Date "2024.06.04"]
[Round "3"]
[White "Dobre, Claudiu Cristian"]
[Black "Sovetbekova, Nurai"]
[Result "1-0"]
[WhiteElo "2259"]
[BlackElo "1910"]
[PlyCount "49"]
[EventDate "2024.06.04"]
[EventType "swiss (blitz)"]
[EventRounds "11"]
[EventCountry "USA"]
[SourceTitle "EXT 2025"]
[Source "ChessBase"]
[SourceDate "2024.10.14"]
[SourceVersion "1"]
[SourceVersionDate "2024.10.14"]
[SourceQuality "1"]

1. d4 Nf6 2. Nf3 e6 3. Bg5 Be7 4. Nbd2 d5 5. e3 0-0 6. Bd3 c5 7. c3 Nc6 8. Ne5 Nxe5 9. dxe5 Nd7 10. Bf4 g6 11. h4 Bxh4 12. Qg4 Be7 13. Qh3 h5 14. g4 Kg7 15. gxh5 Rh8 16. Qg4 Nf8 17. 0-0-0 b5 18. hxg6 Nxg6 19. Bxg6 fxg6 20. Rdg1 Qe8 21. Rxh8 Kxh8 22. Qh3+ Kg8 23. Qh6 g5 24. Bxg5 Bxg5 25. Rxg5+ 1-0

[Event "Titled Tuesday intern op 04th Jun Early"]
[Site "Chess.com INT"]
[Date "2024.06.04"]
[Round "9"]
[White "Souleidis, Georgios"]
[Black "Dobre, Claudiu Cristian"]
[Result "1-0"]
[WhiteElo "2418"]
[BlackElo "2259"]
[PlyCount "145"]
[EventDate "2024.06.04"]
[EventType "swiss (blitz)"]
[EventRounds "11"]
[EventCountry "USA"]
[SourceTitle "EXT 2025"]
[Source "ChessBase"]
[SourceDate "2024.10.14"]
[SourceVersion "1"]
[SourceVersionDate "2024.10.14"]
[SourceQuality "1"]

1. e4 Nc6 2. Nf3 d6 3. d4 Nf6 4. Nc3 e5 5. Bb5 Bd7 6. 0-0 Be7 7. Re1 exd4 8. Nxd4 Nxd4 9. Qxd4 Bxb5 10. Nxb5 0-0 11. c4 Nd7 12. Bf4 a6 13. Nc3 Bf6 14. Qd2 Bxc3 15. Qxc3 Qf6 16. Qd2 Rfe8 17. Rad1 a5 18. f3 a4 19. Be3 b6 20. Bd4 Qe6 21. Qc3 f6 22. Re2 Nc5 23. Red2 Qf7 24. Ra1 Re7 25. Rdd1 f5 26. exf5 Qxf5 27. Re1 Rae8 28. Rxe7 Rxe7 29. b4 axb3 30. axb3 Qd3 31. b4 Qxc3 32. Bxc3 Nd3 33. Kf1 Kf7 34. g3 Ne5 35. Bxe5 Rxe5 36. Ra7 Re7 37. Kf2 Ke6 38. Ke3 Kd7+ 39. Kd2 Kc6 40. Ra8 d5 41. cxd5+ Kxd5 42. Kd3 Kc6 43. Kc4 b5+ 44. Kd4 Re2 45. Rg8 g6 46. Rg7 Rxh2 47. g4 Rc2 48. Ke3 Rc4 49. Rxh7 Rxb4 50. Rh6 Kd5 51. Rxg6 Rb3+ 52. Kf2 b4 53. g5 Ra3 54. Rg8 Ra2+ 55. Kg3 c5 56. Rb8 Kc4 57. g6 b3 58. g7 Ra1 59. g8Q+ Kd4 60. Qxb3 c4 61. Rd8+ Kc5 62. Qe3+ Kc6 63. Rb8 Kc7 64. Re8 Kb7 65. Re7+ Kc6 66. Re6+ Kb5 67. Rb6+ Ka4 68. Rb8 Ra3 69. Ra8+ Kb5 70. Rxa3 Kb4 71. Rc3 Kb5 72. Kf2 Kb4 73. f4 1-0

[Event "Titled Tuesday intern op 14th May Early"]
[Site "Chess.com INT"]
[Date "2024.05.14"]
[Round "2"]
[White "Dobre, Claudiu Cristian"]
[Black "Shapiro, Daniel E"]
[Result "1-0"]
[WhiteElo "2259"]
[BlackElo "2284"]
[PlyCount "111"]
[EventDate "2024.05.14"]
[EventType "swiss (blitz)"]
[EventRounds "11"]
[EventCountry "USA"]
[SourceTitle "EXT 2025"]
[Source "ChessBase"]
[SourceDate "2024.10.14"]
[SourceVersion "1"]
[SourceVersionDate "2024.10.14"]
[SourceQuality "1"]

1. d4 Nf6 2. Nf3 d5 3. e3 g6 4. c4 c6 5. Nbd2 Bg7 6. Be2 0-0 7. b4 Nbd7 8. Bb2 e6 9. 0-0 Qe7 10. a4 Ne4 11. b5 Rd8 12. Qc2 f5 13. Ba3 Qf6 14. cxd5 cxd5 15. Qc7 Re8 16. a5 Nxd2 17. Nxd2 f4 18. Bd6 Bh6 19. Bxf4 Bxf4 20. Qxf4 Qxf4 21. exf4 Nf6 22. Rfc1 Bd7 23. Rc7 Rab8 24. f3 Rec8 25. Rac1 Ne8 26. Rxc8 Rxc8 27. Rxc8 Bxc8 28. b6 axb6 29. axb6 Nd6 30. Nb3 Nc4 31. Bxc4 dxc4 32. Nd2 c3 33. Nb3 Bd7 34. Kf2 Kf8 35. Ke3 Ke7 36. Kd3 Kd6 37. Na5 Bc8 38. Kxc3 Kd5 39. Kd3 h5 40. h4 Kd6 41. Ke4 Kd7 42. Ke5 Ke7 43. g3 Kd7 44. g4 hxg4 45. fxg4 Ke7 46. h5 gxh5 47. gxh5 Kf7 48. Nb3 Ke7 49. Nc5 Kf7 50. h6 Kg6 51. Nxe6 Kxh6 52. Kf6 Kh7 53. d5 Kg8 54. d6 Bd7 55. Nc5 Bc6 56. Nxb7 1-0

[Event "Titled Tuesday intern op 14th May Early"]
[Site "Chess.com INT"]
[Date "2024.05.14"]
[Round "1"]
[White "Kazakouski, Valery"]
[Black "Dobre, Claudiu Cristian"]
[Result "1-0"]
[WhiteElo "2603"]
[BlackElo "2259"]
[PlyCount "85"]
[EventDate "2024.05.14"]
[EventType "swiss (blitz)"]
[EventRounds "11"]
[EventCountry "USA"]
[SourceTitle "EXT 2025"]
[Source "ChessBase"]
[SourceDate "2024.10.14"]
[SourceVersion "1"]
[SourceVersionDate "2024.10.14"]
[SourceQuality "1"]

1. Nf3 d5 2. c4 c6 3. g3 Nf6 4. Bg2 Bg4 5. Ne5 Be6 6. cxd5 Bxd5 7. Nf3 c5 8. Nc3 Bc6 9. 0-0 Nbd7 10. Re1 e5 11. e4 Be7 12. Bf1 0-0 13. Bc4 h6 14. d3 Kh7 15. a4 b6 16. Qb3 Qe8 17. Nh4 g6 18. Ng2 Bd8 19. f4 Bc7 20. Rf1 Kg7 21. Ne3 Rd8 22. Ned5 Nxd5 23. Bxd5 Bxd5 24. Nxd5 Bd6 25. f5 Nf6 26. Bxh6+ Kxh6 27. Nxf6 Qc6 28. Ng4+ Kh7 29. fxg6+ fxg6 30. Rf7+ Kh8 31. Raf1 c4 32. Qxc4 Qxc4 33. dxc4 Rxf7 34. Rxf7 Bc5+ 35. Kg2 Rd2+ 36. Kh3 Kg8 37. Rxa7 Rxb2 38. Nxe5 g5 39. Nd7 Be3 40. Nf6+ Kf8 41. e5 Re2 42. e6 Bc5 43. Rf7# 1-0